000 00509nam a22001697a 4500
008 220223b |||||||| |||| 00| 0 eng d
020 _a9780911203448
050 _aPR 9387 .H69 2000
100 _aHoward,vernon
245 _aThe esoteric path to a new life /
_cVerno, Howard
250 _a2nd ed.
260 _aUS:
_bGarden Grove,
_c2000.
300 _a61p.:
_bill. ;
_c10cm
500 _aincludes bibliographic references.
600 _2Success
942 _2lcc
_cBOOKS
_hPR 9387 .H69 2000
999 _c31124
_d31124